[Event "16. Dubai International Open"]
[Site "Dubai UAE"]
[Date "2014.04.07"]
[Round "1.19"]
[White "Siva, Mahadevan"]
[Black "Volkov, Sergey"]
[Result "1/2-1/2"]
[WhiteElo "2105"]
[BlackElo "2600"]
[PlyCount "159"]
[EventDate "2014.04.07"]
[EventType "swiss"]
[EventRounds "9"]
[EventCountry "UAE"]
[Source "lmi"]
[SourceDate "2014.04.07"]

1. e4 e6 2. d4 d5 3. Nd2 Nf6 4. e5 Nfd7 5. c3 c5 6. Bd3 Nc6 7. Ngf3 a6 8. O-O
g5 9. Nb3 h6 10. Nxc5 Nxc5 11. dxc5 Bxc5 12. Qe2 Qc7 13. h3 Bf8 14. Re1 Bg7 15.
Bd2 O-O 16. c4 dxc4 17. Bxc4 Rd8 18. Rad1 b5 19. Bd3 Bb7 20. Qe4 Kf8 21. Qh7
Rd7 22. Rc1 Rad8 23. Rc3 a5 24. Be3 Rd5 25. Bc5+ Ne7 26. Bd6 Qd7 27. Rc7 Qxc7
28. Bxc7 Rxd3 29. Bxd8 Rxd8 30. Qc2 Bxf3 31. gxf3 Ng6 32. Rd1 Re8 33. Qc5+ Kg8
34. Qxb5 Rc8 35. Qd7 Rb8 36. Qc7 Rxb2 37. Rd8+ Bf8 38. Qxa5 Rb1+ 39. Kh2 Rb2
40. Rd2 Rb1 41. Qc3 Bg7 42. Re2 Rb5 43. a4 Rd5 44. a5 Nxe5 45. Qc8+ Kh7 46.
Qc2+ f5 47. Qc7 Nxf3+ 48. Kg2 Nh4+ 49. Kf1 Nf3 50. Rxe6 Rd1+ 51. Kg2 Nh4+ 52.
Kh2 Nf3+ 53. Kg3 Nd4 54. Re3 f4+ 55. Kg4 fxe3 56. fxe3 Rg1+ 57. Kh5 Ne6 58.
Qc2+ Kh8 59. Qc8+ Nf8 60. a6 Ra1 61. Qb7 Ra4 62. e4 Kh7 63. a7 Ng6 64. a8=Q
Rxa8 65. Qxa8 Ne5 66. Qe8 Bf6 67. Qf8 Bg7 68. Qd8 Bh8 69. Qe7+ Bg7 70. Qd8 Bh8
71. Qc8 Bg7 72. Qc1 Kg8 73. Qf1 Kh7 74. Qf2 Kh8 75. Qf5 Kg8 76. Qe6+ Kh7 77.
Qe8 Bh8 78. Qf8 Bg7 79. Qc8 Nd3 80. Kg4 1/2-1/2

[Event "16. Dubai International Open"]
[Site "Dubai UAE"]
[Date "2014.04.07"]
[Round "1.21"]
[White "Partac, Elena"]
[Black "Lalith, Babu M.R"]
[Result "1/2-1/2"]
[WhiteElo "2101"]
[BlackElo "2594"]
[PlyCount "160"]
[EventDate "2014.04.07"]
[EventType "swiss"]
[EventRounds "9"]
[EventCountry "UAE"]
[Source "lmi"]
[SourceDate "2014.04.07"]

1. e4 c6 2. d4 d5 3. exd5 cxd5 4. Bd3 Nc6 5. c3 Qc7 6. Ne2 Bg4 7. O-O e6 8. f3
Bh5 9. Bf4 Bd6 10. Qd2 Bg6 11. Bxd6 Qxd6 12. Nf4 Nge7 13. Na3 a6 14. Rae1 O-O
15. Nxg6 hxg6 16. f4 Rfe8 17. Nc2 b5 18. Rf3 Qd8 19. Rh3 Nf5 20. Bxf5 gxf5 21.
Qe2 g6 22. a3 Kg7 23. Nb4 Qb6 24. Nxc6 Qxc6 25. Qe5+ f6 26. Qe2 Qd6 27. Re3 Kf7
28. Qf3 Re7 29. Qh3 Kg7 30. Qg3 Rh8 31. R1e2 Kf7 32. h4 Rh5 33. Qe1 g5 34. hxg5
fxg5 35. Re5 gxf4 36. Qf2 Qd8 37. Qxf4 Qh8 38. Kf2 Qf6 39. g3 Qg6 40. Ke1 Qg5
41. Qxg5 Rxg5 42. R5e3 Rg4 43. Rh2 Kg7 44. Kf2 Re4 45. Re1 Rxe1 46. Kxe1 a5 47.
b4 axb4 48. axb4 Ra7 49. Re2 Kf6 50. Kf2 Ra1 51. Kg2 Rc1 52. Re3 Rc2+ 53. Kf3
Kg5 54. Rd3 Rc1 55. Re3 Kf6 56. Kg2 Rc2+ 57. Kf3 Rd2 58. Re1 Ra2 59. Re3 Rc2
60. Rd3 Kg5 61. Re3 Rc1 62. Kg2 Kg4 63. Kf2 Rc2+ 64. Kf1 Kh3 65. Rxe6 Kxg3 66.
Re3+ Kg4 67. Ke1 f4 68. Re5 Kf3 69. Rxd5 Rxc3 70. Rxb5 Rc4 71. Re5 Rxb4 72. d5
Rd4 73. Rh5 Re4+ 74. Kd2 Kg4 75. Rh8 f3 76. Rg8+ Kh3 77. Rf8 Kg2 78. Kd3 Re1
79. Rg8+ Kf1 80. d6 f2 1/2-1/2

[Event "16. Dubai International Open"]
[Site "Dubai UAE"]
[Date "2014.04.08"]
[Round "2.2"]
[White "Kjartansson, Gudmundur"]
[Black "Akopian, Vladimir"]
[Result "1/2-1/2"]
[WhiteElo "2440"]
[BlackElo "2674"]
[PlyCount "157"]
[EventDate "2014.04.07"]
[EventType "swiss"]
[EventRounds "9"]
[EventCountry "UAE"]
[Source "lmi"]
[SourceDate "2014.04.07"]

1. d4 Nf6 2. c4 d6 3. Nc3 Nbd7 4. Nf3 g6 5. e4 e5 6. Be2 Bg7 7. O-O O-O 8. Be3
Qe7 9. Qc2 c6 10. Rad1 exd4 11. Nxd4 Re8 12. f3 Nh5 13. Qd2 f5 14. Bh6 fxe4 15.
Nxe4 Nc5 16. Nc3 Bxh6 17. Qxh6 a5 18. Qd2 Ng7 19. Rfe1 Qe3+ 20. Qxe3 Rxe3 21.
Kf2 Re7 22. Nb3 Nxb3 23. axb3 Ne8 24. g4 Kf8 25. Na4 Be6 26. Nb6 Rd8 27. Ra1 d5
28. c5 d4 29. Bc4 Nc7 30. Rxa5 d3 31. Raa1 d2 32. Red1 g5 33. b4 Na6 34. Bxa6
bxa6 35. Ra3 h5 36. h3 hxg4 37. hxg4 Rh7 38. Kg3 Kf7 39. Re3 Rh4 40. b3 Rd4 41.
Nc4 Bxc4 42. bxc4 Rh8 43. Ra3 Rhd8 44. Rxa6 Rxc4 45. Kf2 Rxb4 46. Rxc6 Rb3 47.
Ke2 Rbd3 48. Ra6 R3d5 49. c6 Re5+ 50. Kf2 Rc5 51. Ra7+ Ke6 52. Rh7 Rdd5 53. c7
Kf6 54. Ke2 Kg6 55. Re7 Kf6 56. Rh7 Kg6 57. Re7 Kf6 58. Re4 Rxc7 59. Rxd2 Rxd2+
60. Kxd2 Ra7 61. Rc4 Ra3 62. Rc3 Ra6 63. Ke3 Re6+ 64. Kd4 Rd6+ 65. Ke4 Ra6 66.
Kd5 Ra5+ 67. Kd4 Ra4+ 68. Rc4 Ra6 69. Ke4 Re6+ 70. Kd4 Rd6+ 71. Kc3 Ra6 72. Kd3
Rd6+ 73. Ke3 Re6+ 74. Re4 Ra6 75. Rb4 Re6+ 76. Kd4 Rd6+ 77. Kc4 Rc6+ 78. Kd5
Ra6 79. Rb5 1/2-1/2